00661nam a22001817a 4500999001900000003000500019020001500024038001400039082000800053100002400061245014400085260003700229300003000266650004000296700003700336942001300373952009300386 c526257d526257NUST qHardcover. aMr.Zahoor a510 aSaeed, Sadia916919 aNumerical Solution of Burger's equation with random initial conditions using wiener chaos expansion and lax- Wendroff Method /cSadia Saeed aIslamabad :bCAMP - NUST,c2013. aiv, 52 p. : ill. ;c30cm. aMathematics - M.Phil Thesis 916594 aProf. Muneer Ahmad Rashid916920 2ddccTHE 00102ddc4070aCLbCLcTHEd2019-07-10l0o510pCL-T-2247r2019-07-10w2019-07-10yTHE